01177nam a2200229 a 450000100100000000500170001000800410002702000150006804000250008324501170010826000880022530000280031350400270034170000330036871000730040104900090047495201110048395201200059495201050071495201110081999900170093000002588220200930024125.0110224s2006 dr a 000 0 spa d a9993486876 aDO-SdBNPbspacBNPHU00aConstruyendo la generación futura mediante la educación en los valores /ccoordinadora Delia de Rodríguez. aSantiago, República Dominicana :bCogregación Cristiana,c2006.fEditora Biblos a130 p. :bil. ;c28 cm. aBibliografía: p. 1301 aRodríguez, Delia de9527391 aDel Ministerio de Enzeñanza de la Congregación Cristiana.952740 aBNPD 0010718DSaGRbGRcCTd2011-02-24iLF1l0o p25882-30r2020-06-25te. 3w2020-06-25yLFDSZNo se presta 001054708DSaGRbGRcCTd2011-04-11iLF1l0o p25882-40r2020-06-25te. 4w2020-06-25yLFDSZPréstamo en sala 0010718PDaPDbPDcCTd2011-02-24iLF1l0o p25882-10r2020-06-25w2020-06-25yLFPDZNo se presta 0010718PDaPDbPDcCTd2011-02-24iLF1l0o p25882-20r2020-06-25te. 2w2020-06-25yLFPDZNo se presta c25374d25374